000 00954nam a2200253 i 4500
001 13442
003 ES-MaACL
005 20230906150558.0
007 t|
008 980320s1985 sp a |||| | spa d
020 _a84-7483-419-8
080 _a745.522(460):061.43(493.5 Tournai)"1985"
080 _a061.43(493.5 Tournai)"1985":745.522(460)
245 0 0 _aTapisserie en Espagne aujourd'hui
_b: espace-création textile : [exposition] Tournai, Cathedrale-Eglise Saint-Nicolas - Maison de la Culture : [catalogue] /
_c[edition, Santiago Saavedra... et al.].
260 _a[Madrid] :
_bEuropalia 85 España,
_c1985.
300 _a110 p. :
_bil. ;
_c25 cm.
650 1 4 _aTapices-
_zEspaña-
_yS.XX-
_vExposiciones.
_9168309
655 7 _2tgfbne
_9193628
_aCatálogos de exposiciones
700 1 _aSaavedra, Santiago.
_9101136
710 2 _aEuropalia 85.
_9168310
852 _aES-MaACL
_jL-20691
942 _2udc
999 _c13442
_d13442